Foye's principles of medicinal chemistry (Record no. 16231)
[ view plain ]
| 000 -LEADER | |
|---|---|
| fixed length control field | 00705nam a22001937a 4500 |
| 008 - FIXED-LENGTH DATA ELEMENTS--GENERAL INFORMATION | |
| fixed length control field | 161103b xxu||||| |||| 00| 0 eng d |
| 020 ## - INTERNATIONAL STANDARD BOOK NUMBER | |
| International Standard Book Number | 1609133450 |
| 040 ## - CATALOGING SOURCE | |
| Original cataloging agency | KABU |
| Transcribing agency | KABU |
| 050 ## - LIBRARY OF CONGRESS CALL NUMBER | |
| Classification number | RS403 |
| Item number | .F69 2013 C.1 |
| 245 ## - TITLE STATEMENT | |
| Title | Foye's principles of medicinal chemistry |
| Statement of responsibility, etc. | edited by Thoma L. Lemke, David A. William , Victoria F. Roche & S. William Zito |
| 250 ## - EDITION STATEMENT | |
| Edition statement | 7th ed. |
| 260 ## - PUBLICATION, DISTRIBUTION, ETC. (IMPRINT) | |
| Place of publication, distribution, etc. | New Delhi |
| Name of publisher, distributor, etc. | Lippincot Williams & Wikins, Wolter, a wolters klumer business |
| Date of publication, distribution, etc. | 2013 |
| 300 ## - PHYSICAL DESCRIPTION | |
| Extent | xviii, 1500 p. |
| 700 ## - ADDED ENTRY--PERSONAL NAME | |
| Personal name | Lemke, Thomas L. |
| 700 ## - ADDED ENTRY--PERSONAL NAME | |
| Personal name | Williams, David A. |
| 700 ## - ADDED ENTRY--PERSONAL NAME | |
| Personal name | Roche, Victoia F. |
| 700 ## - ADDED ENTRY--PERSONAL NAME | |
| Personal name | Zito, S. Wiiliam |
| 942 ## - ADDED ENTRY ELEMENTS (KOHA) | |
| Source of classification or shelving scheme | Library of Congress Classification |
| Koha item type | General Collection |
| Edition | 7th ed. |
| Classification part | RS403 .F69 2013 C.1 |
| Withdrawn status | Lost status | Source of classification or shelving scheme | Not for loan | Home library | Current library | Shelving location | Date acquired | Cost, normal purchase price | Total Checkouts | Total Renewals | Full call number | Barcode | Date last seen | Date last checked out | Copy number | Price effective from | Koha item type |
|---|---|---|---|---|---|---|---|---|---|---|---|---|---|---|---|---|---|
| Library of Congress Classification | Kabarak, Main Campus | Kabarak, Main Campus | General Stacks | 03/11/2016 | 10200.00 | 5 | 1 | RS403 .F69 2013 C.1 | 026976 | 02/12/2024 | 21/11/2024 | C.1 | 03/11/2016 | General Collection | |||
| Library of Congress Classification | Kabarak, Main Campus | Kabarak, Main Campus | General Stacks | 03/11/2016 | 10200.00 | RS403 .F69 2013 C.2 | 03/11/2016 | C.2 | 03/11/2016 | General Collection | |||||||
| Library of Congress Classification | Kabarak, Main Campus | Kabarak, Main Campus | General Stacks | 03/11/2016 | 10200.00 | 6 | 3 | RS403 .F69 2013 C.3 | 026977 | 01/08/2025 | 26/06/2025 | C.3 | 03/11/2016 | General Collection | |||
| Library of Congress Classification | Kabarak, Main Campus | Kabarak, Main Campus | General Stacks | 03/11/2016 | 10200.00 | 4 | 2 | RS403 .F69 2013 C.4 | 026984 | 13/02/2025 | 10/01/2025 | C.4 | 03/11/2016 | General Collection | |||
| Library of Congress Classification | Kabarak, Main Campus | Kabarak, Main Campus | General Stacks | 03/11/2016 | 10200.00 | 2 | 2 | RS403 .F69 2013 C.5 | 026974 | 04/12/2024 | 25/10/2024 | C.5 | 03/11/2016 | General Collection | |||
| Library of Congress Classification | Kabarak, Main Campus | Kabarak, Main Campus | 12/02/2021 | 18160.00 | RS403 .F69 2013 c.6 | 029559 | 12/02/2021 | 12/02/2021 | General Collection | ||||||||
| Library of Congress Classification | Kabarak, Main Campus | Kabarak, Main Campus | 12/02/2021 | 18160.00 | 2 | RS403 .F69 2013 c.7 | 029558 | 28/07/2025 | 16/07/2025 | 12/02/2021 | General Collection |